Green gauging. (Record no. 60980)

MARC details
000 -LEADER
fixed length control field 00814cam a2200193 4500
001 - CONTROL NUMBER
control field ABS61258
008 - FIXED-LENGTH DATA ELEMENTS--GENERAL INFORMATION
fixed length control field 000000n1999 000 0 eng u
035 ## - SYSTEM CONTROL NUMBER
System control number (Sirsi) u101875
100 ## - MAIN ENTRY--PERSONAL NAME
Personal name Walker, M.
245 ## - TITLE STATEMENT
Title Green gauging.
260 ## - PUBLICATION, DISTRIBUTION, ETC.
Date of publication, distribution, etc. 1999
490 ## - SERIES STATEMENT
Series statement House Builder
Volume/sequential designation 58(8) September 1999, 37(1)
520 ## - SUMMARY, ETC.
Summary, etc. Gives an overview of environmental impact assessments (EIAs) which assess the environmental effects of major projects. Explains what types of developments need to submit an environmental statement (ES) to planning authorities, and warns that planning permission can be quashed if EIA procedures are not followed.
650 ## - SUBJECT ADDED ENTRY--TOPICAL TERM
Topical term or geographic name entry element ENVIRONMENTAL IMPACT ASSESSMENTS
650 ## - SUBJECT ADDED ENTRY--TOPICAL TERM
Topical term or geographic name entry element ENVIRONMENTAL STATEMENTS
650 ## - SUBJECT ADDED ENTRY--TOPICAL TERM
Topical term or geographic name entry element PLANNING PERMISSION
690 ## - LOCAL SUBJECT ADDED ENTRY--TOPICAL TERM (OCLC, RLIN)
Topical term or geographic name as entry element PLANNING LAW AND PRACTICE
942 ## - ADDED ENTRY ELEMENTS (KOHA)
Suppress in OPAC 0
Holdings
Withdrawn status Lost status Source of classification or shelving scheme Damaged status Not for loan Home library Current library Shelving location Date acquired Total Checkouts Full call number Barcode Date last seen Copy number Price effective from Koha item type
    Dewey Decimal Classification     London London Journal article 11/11/1999   ABS61258 101875-1001 06/08/2019 1 06/08/2019 Journal article